| 000 | 01369cam a2200361Ii 4500 | ||
|---|---|---|---|
| 001 | 11382373 | ||
| 003 | OSt | ||
| 005 | 20180116192431.0 | ||
| 008 | 150501s2015 gw a 000 0 ger d | ||
| 020 | _a9783868593310 | ||
| 020 | _a3868593314 | ||
| 035 | _a(OCoLC)ocn907931356 | ||
| 035 | _a(OCoLC)907931356 | ||
| 035 | _a(NNC)11382373 | ||
| 040 |
_aCLE _beng _erda _cCLE |
||
| 041 |
_ager _aeng |
||
| 043 | _ae-gx--- | ||
| 050 | 4 |
_aNA9200.B4 _bU73 2015 |
|
| 082 | _a728.0943155 | ||
| 245 | 0 | 0 |
_aUrban living : _bStrategien für das zukünftige Wohnen = strategies for the future / _cherausgegeben von Kristien Ring AA Projects in Kooperation mit der Senatsverwaltung für Stadtentwicklung und Umvelt Berlin = edited by Kristien Ring AA Projects in cooperation with Senate Department for Urban Development and Environment. |
| 260 | _c2015. | ||
| 300 |
_a255 pages : _billustrations (chiefly color) ; _c27 cm |
||
| 500 | _aCover title. | ||
| 650 | 0 |
_aCity planning _zGermany _zBerlin. _98302 |
|
| 650 | 0 |
_aArchitecture _zGermany _zBerlin. _98303 |
|
| 650 | 0 |
_aSpace (Architecture) _98304 |
|
| 650 | 0 |
_aSustainable living. _98305 |
|
| 700 | 1 |
_aRing, Kristien, _eeditor. _98301 |
|
| 710 | 1 |
_aBerlin (Germany). _bSenatsverwaltung für Stadtentwicklung und Umwelt, _eissuing body. _98300 |
|
| 942 |
_2ddc _cBK |
||
| 948 | 1 |
_a20150602 _bc _crhg9 _dOSMC |
|
| 999 |
_c354128 _d354128 |
||